zpět

Detail výsledku týmu

The PUB Praha 6 , Praha

Datum a čas kvízu

34 Celkem bodů Celkový počet nahraných bodů na tomto kvízu bez doplňovacích otázek.
5. Pořadí na kvízu Konečné umístění týmu na tomto kvízu.

Zaznamenané odpovědi

# Otázka Odpověď Body Výsledky
1. Jeden muž si chtěl ulehčit par... přemaloval čáry na vozovce 1
2. Starostka jisté evropské metro... Paříž, Seina 0
3. Čeští a slovenští archeologové... v Guatemale 0
4. Roční míra inflace v jisté zem... Argentina 1
5. Na letošním ročníku Dakaru zau... Kachna 1
6. Některá slova mají různé grama... (o) hrabatech 1
7. Přiřaďte ke každému slovu jeho... 1D 2C 3A 4B 0
8. Dva gramatické rody můžeme při... káně 1
9. V minulé otázce jsme se ptali... zombie 1
10. Začátkem roku 2023 byla Ústave... hranolka, hranolek 1